L'Afrique dans les marges (notice n° 1766730)
[ vue normale ]
| 000 -LEADER | |
|---|---|
| fixed length control field | 01490cam a2200169 4500500 |
| 005 - DATE AND TIME OF LATEST TRANSACTION | |
| control field | 20260322011708.0 |
| 041 ## - LANGUAGE CODE | |
| Language code of text/sound track or separate title | fre |
| 042 ## - AUTHENTICATION CODE | |
| Authentication code | dc |
| 100 10 - MAIN ENTRY--PERSONAL NAME | |
| Personal name | de Charentenay, Pierre |
| Relator term | author |
| 245 00 - TITLE STATEMENT | |
| Title | L'Afrique dans les marges |
| 260 ## - PUBLICATION, DISTRIBUTION, ETC. | |
| Date of publication, distribution, etc. | 2005.<br/> |
| 500 ## - GENERAL NOTE | |
| General note | 78 |
| 520 ## - SUMMARY, ETC. | |
| Summary, etc. | Depuis 2023, les Archives Institut Jean-Jacques Rousseau de l’université de Genève mettent à disposition des chercheurs un fonds d’archives dédié à Jacques Pain (1943-2021), ancien professeur des universités en sciences de l’éducation de l’université de Nanterre et figure emblématique de la pédagogie institutionnelle. Cet article se propose de revenir sur un des documents conservés dans ce fonds pour rendre compte de la manière dont la discipline des sciences de l’éducation s’est déployée après mai 68 dans ce contexte spécifique. |
| 520 ## - SUMMARY, ETC. | |
| Summary, etc. | Since 2023, the Archives Institut Jean-Jacques Rousseau at the University of Geneva have made available to researchers an archival collection dedicated to Jacques Pain (1943–2021), former professor of education sciences at Paris Nanterre University and an emblematic figure of institutional pedagogy. This article examines one of the documents held in this collection to illustrate how education sciences developed after May 1968 in this specific context. |
| 786 0# - DATA SOURCE ENTRY | |
| Note | Études | 402 | 2 | 2005-02-01 | p. 149-152 | 0014-1941 |
| 856 41 - ELECTRONIC LOCATION AND ACCESS | |
| Uniform Resource Identifier | <a href="https://shs.cairn.info/revue-etudes-2005-2-page-149?lang=fr&redirect-ssocas=7080">https://shs.cairn.info/revue-etudes-2005-2-page-149?lang=fr&redirect-ssocas=7080</a> |
Pas d'exemplaire disponible.




Réseaux sociaux